LEADER 01288nam--2200409---450- 001 990003464800203316 005 20110329121010.0 010 $a0-521-40725-7 035 $a000346480 035 $aUSA01000346480 035 $a(ALEPH)000346480USA01 035 $a000346480 100 $a20101105d1991----km-y0itay50------ba 101 $aeng 102 $aGB 105 $a||||||||001yy 200 1 $a<> Oriental obsession$eislamic inspiration in british and american art and architeture$e1500-1920$fJohn Sweetman 210 $aCambridge [etc.]$cCambridge University press$d1991 215 $aXVIII, 327 p.$cill.$d27 cm 225 2 $aCambridge studies in the history of art 410 0$12001$aCambridge studies in the history of art 454 1$12001 461 1$1001-------$12001 606 0 $aArte inglese$xInflussi orientali$z1500-1920 606 $aArte americana$xInflussi orientali$z1500-1920 676 $a709.42 676 $a709.7 700 1$aSWEETMAN,$bJohn$0608948 801 0$aIT$bsalbc$gISBD 912 $a990003464800203316 951 $aVIII.1.43$b9678 DSLL 959 $aBK 969 $aDSLL 979 $aDSLL$b90$c20101105$lUSA01$h1013 979 $aDSLL$b90$c20110329$lUSA01$h1210 996 $aOriental obsession$91111955 997 $aUNISA LEADER 01355nam--2200361---450- 001 990003574950203316 005 20111012114717.0 010 $a978-92-9168-457-1 035 $a000357495 035 $aUSA01000357495 035 $a(ALEPH)000357495USA01 035 $a000357495 100 $a20111012d2011----km-y0itay50------ba 101 $aeng 102 $aLU 105 $a||||||||001yy 200 1 $aReport on the risk assessment of mephedrone in the framework of the Council decision on new psychoactive substances$fEuropean monitoring centre for drugs and drug addiction 210 $aLuxembourg$cPublications office of the European Union$d2011 215 $a193 p.$cill.$d21 cm 225 2 $aEMCDDA Risk assessments$v9 410 0$12001$aEMCDDA Risk assessments 606 0 $aDroghe$xConsumo$yPaesi dell'Unione europea$2BNCF 676 $a362.29094 699 $a16.04$bLotta contro la droga 710 02$aOSSERVATORIO EUROPEO DELLE DROGHE E DELLE TOSSICODIPENDENZE$0547105 801 0$aIT$bsalbc$gISBD 912 $a990003574950203316 951 $aCDE 16.04 (XLV)$bCDE 2745$cCDE 16.04$d00185039 959 $aBK 969 $aCDE 979 $aMARIAS$b90$c20111012$lUSA01$h1147 996 $aReport on the risk assessment of mephedrone in the framework of the Council decision on new psychoactive substances$91116064 997 $aUNISA LEADER 01871nas 2200541-a 450 001 996251324603316 005 20231108213018.0 011 $a2051-6789 035 $a(OCoLC)561068676 035 $a(CKB)2670000000393926 035 $a(CONSER)--2020204440 035 $a(EXLCZ)992670000000393926 100 $a20100318a19509999 --- a 101 0 $aeng 135 $aurbn||||||abp 135 $aurbn||||||ada 181 $ctxt$2rdacontent 182 $cc$2rdamedia 183 $acr$2rdacarrier 200 04$aThe Bible translator 210 1$aLondon :$cUnited Bible Societies 210 31$a[London] :$cSAGE 215 $a1 online resource 300 $aRefereed/Peer-reviewed 300 $aIssues for v. 23 (1972)-v. 32 (1981) have alternating titles: Technical papers for the Bible translator; and: Practical papers for the Bible translator. 300 $aInternational Serials Data System has assigned three key titles and ISSN: Bible translator = 0006-0844, 1950-1971; Technical papers for the Bible translator = 0260-0935, 1972-; and: Practical papers for the Bible translator = 0260-0943, 1972- 311 $a2051-6770 517 1 $aTechnical papers for the Bible translator 517 1 $aPractical papers for the Bible translator 517 1 $aBible translator. 517 1 $aBible translator. 606 $aLanguage and languages$xStyle$2fast 606 $aVertalen$2gtt 606 $aBijbel$2gtt 608 $aperiodicals.$2aat 608 $aPeriodicals$2fast 608 $aPeriodicals.$2lcgft 608 $aPériodiques.$2rvmgf 615 7$aLanguage and languages$xStyle 615 17$aVertalen. 615 17$aBijbel. 676 $a220.05 686 $a11.32$2bcl 712 02$aUnited Bible Societies. 906 $aJOURNAL 912 $a996251324603316 996 $aThe Bible translator$92026121 997 $aUNISA